[Event "2nd Isthmia Open A"]
[Site "Korinthia GRE"]
[Date "2012.08.19"]
[Round "2.2"]
[White "Fedorchuk,S"]
[Black "Markidis,K"]
[Result "1-0"]
[WhiteElo "2639"]
[BlackElo "2351"]

1.e4 e6 2.d4 d5 3.Nd2 Be7 4.Ngf3 Nf6 5.e5 Nfd7 6.Bd3 c5 7.c3 Nc6 8.O-O a5
9.a4 cxd4 10.cxd4 Nb4 11.Bb1 Nb8 12.Re1 N8c6 13.Nf1 O-O 14.Ng3 g6 15.Bh6 Re8
16.Ra3 f5 17.exf6 Bxf6 18.Ne5 Nxe5 19.dxe5 Bg5 20.Bxg6 Bxh6 21.Bxe8 Qxe8
22.Nh5 Kh8 23.Nf6 Qf7 24.Rh3 Bf8 25.Rxh7+ Qxh7 26.Nxh7 Kxh7 27.Qh5+  1-0

[Event "EY Boys U14 2012"]
[Site "Prague CZE"]
[Date "2012.08.19"]
[Round "3.28"]
[White "Pulpan,J"]
[Black "Aleksanyan,Gor"]
[Result "0-1"]
[WhiteElo "2087"]
[BlackElo "1907"]

1.e4 e6 2.d4 d5 3.Nd2 Nc6 4.c3 e5 5.exd5 Qxd5 6.dxe5 Nxe5 7.Ngf3 Bg4 8.Be2 Nd3+
9.Bxd3 Qxd3 10.Qa4+ Bd7 11.Qd4 Qxd4 12.Nxd4 O-O-O 13.O-O c5 14.N4b3 Bc6 15.Re1 Nf6
16.Nf1 h6 17.Bf4 Nd5 18.Bg3 g5 19.Na5 Bd7 20.Rad1 Nf4 21.Ne3 Nh5 22.Be5 f6
23.Bg3 Nxg3 24.hxg3 b6 25.Nac4 Be6 26.Rxd8+ Kxd8 27.Rd1+ Kc7 28.Nd5+ Kc6
29.Nce3 f5 30.c4 Rh7 31.a3 Rd7 32.Rc1 a6 33.b4 b5 34.bxc5 bxc4 35.Nb6 Rd4
36.Nbxc4 Bxc5 37.Ne5+ Kd6 38.N5c4+ Ke7 39.Na5 Bxa3 40.Rb1 Kf6 41.Rb6 Rd6
42.Rb8 Bc5 43.Nac4 Rd4 44.Na5 f4 45.gxf4 gxf4 46.Nf1 Ra4 47.Nc6 Ra2  0-1

[Event "2nd Isthmia Open A"]
[Site "Korinthia GRE"]
[Date "2012.08.20"]
[Round "4.21"]
[White "Makka,I"]
[Black "Markidis,K"]
[Result "0-1"]
[WhiteElo "2073"]
[BlackElo "2351"]

1.e4 e6 2.d4 d5 3.Nd2 Be7 4.Ngf3 Nf6 5.Bd3 c5 6.e5 Nfd7 7.c3 Nc6 8.O-O g5
9.dxc5 Nxc5 10.Bb5 Nd7 11.Qe2 a6 12.Bxc6 bxc6 13.Nb3 c5 14.Rd1 Bb7 15.Bd2 Rb8
16.Nc1 h6 17.b3 Qc7 18.h3 Rg8 19.Re1 g4 20.hxg4 Rxg4 21.Qd3 Re4 22.Ne2 Nxe5
23.Nxe5 Qxe5 24.Ng3 Rxe1+ 25.Rxe1 Qg7 26.Bf4 Rd8 27.Be5 Qg6 28.Qf3 Rd7 29.Qe2 d4
30.cxd4 cxd4 31.Rd1 d3 32.Qe3 h5 33.f3 Rd5 34.Kh1 h4 35.Nf1 h3 36.Bg3 hxg2+
37.Kxg2 Rf5 38.Nd2 Bh4 39.Qf2 Bxg3  0-1

[Event "EY Boys U14 2012"]
[Site "Prague CZE"]
[Date "2012.08.20"]
[Round "4.4"]
[White "Gajek,R"]
[Black "Ali Marandi,C"]
[Result "1-0"]
[WhiteElo "2200"]
[BlackElo "2362"]

1.e4 e6 2.d4 d5 3.Nd2 a6 4.Ngf3 c5 5.dxc5 Bxc5 6.Bd3 Nf6 7.O-O O-O 8.a3 Nc6
9.b4 Be7 10.Bb2 b5 11.Qe2 Bb7 12.e5 Nd7 13.Nb3 Qc7 14.Rae1 Rfe8 15.Nbd4 Nxd4
16.Nxd4 Bf8 17.f4 g6 18.f5 exf5 19.Nxf5 gxf5 20.Rxf5 Bg7 21.Rxf7 Qb6+ 22.Kh1 Qe6
23.Rxg7+ Kxg7 24.Qh5 Nf8 25.Bf5 d4 26.Bxe6 Nxe6 27.Bxd4 Bxg2+ 28.Kg1 Kh8
29.Qh4 Rg8 30.Qf6+ Rg7 31.Kf2 Nxd4 32.Rg1 Rc8 33.c3 Rxc3 34.Qd8+ Rg8 35.Qxd4 Rc2+
36.Ke3 Rc4 37.Qd6  1-0

[Event "EY Boys U18 2012"]
[Site "Prague CZE"]
[Date "2012.08.20"]
[Round "4.17"]
[White "Abbasov,Amil1"]
[Black "Godart,F"]
[Result "1-0"]
[WhiteElo "2209"]
[BlackElo "2337"]

1.e4 e6 2.d4 d5 3.Nd2 Nc6 4.c3 e5 5.dxe5 dxe4 6.Qa4 e3 7.fxe3 Bc5 8.Nb3 Bb6
9.Nf3 Bd7 10.Qf4 Nh6 11.Bc4 Qe7 12.Nbd4 O-O 13.Bd2 Rae8 14.Nxc6 Bxc6 15.O-O-O Kh8
16.e4 f5 17.exf5 Nxf5 18.Ng5 h6 19.h4 Ne3 20.Nf7+ Rxf7 21.Qxf7 Nxd1 22.Rxd1 Qxf7
23.Bxf7 Rxe5 24.Bf4 Rf5 25.Bg6 Rf8 26.g3 Kg8 27.Re1 Rf6 28.Bd3 Kf8 29.Bc4 Be8
30.Be5 Rf2 31.Bxg7+ Kxg7 32.Rxe8 Rg2 33.Bd5 Rh2 34.Bxb7 Kf7 35.Re4 Bf2 36.Rg4 h5
37.Rf4+ Ke7 38.Rf3 Kd6 39.Be4 Ke5 40.Bd3 Ke6 41.a4 Kd6 42.Kb1 Be1 43.Bg6 Rh3
44.Rd3+ Kc5 45.Bxh5 Bxg3 46.Be2 Rh2 47.Rxg3 Rxe2 48.Rh3 Re6 49.h5 Rh6 50.Kc2 c6
51.Rh4 Kd5 52.Kd3 c5 53.Ke3 Ke5 54.Rh2 Kf5 55.Kd3 Kg4 56.Kc4 Kg3 57.Rh1 Kg2
58.Rd1 Rxh5 59.Rd5 Rh4+ 60.Kb3 c4+ 61.Kb4 Kf3 62.Rd4 Rh2 63.Ka3 Ke3 64.Rxc4 Kd3
65.Rc7 Kc2 66.Rxa7 Rh1 67.Ka2 Rh4 68.Ka3 Rh1 69.Rg7 Rh5 70.Rg2+ Kd3 71.Kb3  1-0

[Event "ZMDI Open A 2012"]
[Site "Dresden GER"]
[Date "2012.08.21"]
[Round "4"]
[White "Brinck Claussen,B"]
[Black "Rudolf,Ma"]
[Result "1/2-1/2"]
[WhiteElo "2286"]
[BlackElo "2124"]

1.e4 e6 2.d4 d5 3.Nd2 Nc6 4.Ngf3 Nf6 5.e5 Nd7 6.Be2 Be7 7.O-O O-O 8.b3 f6
9.Bb2 fxe5 10.Nxe5 Ncxe5 11.dxe5 Nb6 12.Bd3 Qe8 13.Qg4 Qf7 14.f4 Bd7 15.Rf3 c5
16.Raf1 Rac8 17.c4 Rcd8 18.Rg3 Bc8 19.Qd1 dxc4 20.bxc4 Rxd3 21.Rxd3 Qf5 22.Qe2 Bd7
23.Ne4 Bc6 24.Nd6 Bxd6 25.Rxd6 Qe4 26.Qg4 Nxc4 27.Qxe6+ Kh8 28.Rxc6 bxc6
29.Qe7 Rg8 30.Bc1 Ne3 31.Bxe3 Qxe3+ 32.Kh1 Qd3 33.Rc1 Qd2 34.Qxc5 Qxf4 35.e6 Rc8
36.e7 h6 37.Rd1 Re8 38.Kg1 Qe4 39.Qxa7  1/2-1/2

[Event "e2e4 Gatwick Masters B 2012"]
[Site "Crawley ENG"]
[Date "2012.08.22"]
[Round "8.1"]
[White "Brown,Mart"]
[Black "Poobalasingam,P"]
[Result "1-0"]
[WhiteElo "2241"]
[BlackElo "2263"]

1.e4 e6 2.d4 d5 3.Nd2 Nc6 4.Ngf3 Nf6 5.e5 Nd7 6.Be2 b6 7.Nf1 Bb7 8.Ng3 Qe7
9.O-O O-O-O 10.Re1 f6 11.exf6 gxf6 12.c4 dxc4 13.Bxc4 Nde5 14.Nxe5 fxe5 15.Qg4 Qb4
16.Qxe6+ Kb8 17.Bg5 Nxd4 18.Qxe5 Bc5 19.Bxd8 Rxd8 20.Qf6 Rc8 21.Bd3 Qxb2
22.Qf7 Nf3+ 23.Kh1 Ne5 24.Qf5 Bxf2 25.Qxe5 Bxg2+ 26.Kxg2  1-0

[Event "12th ch-Euro Seniors"]
[Site "Kaunas LTU"]
[Date "2012.08.22"]
[Round "5.19"]
[White "Teemae,L"]
[Black "Tchetchelnitski,B"]
[Result "1/2-1/2"]
[WhiteElo "2047"]
[BlackElo "2195"]

1.e4 e6 2.d4 d5 3.Nd2 a6 4.Ngf3 c5 5.exd5 Qxd5 6.Bc4 Qc6 7.dxc5 Bxc5 8.Bd3 Nf6
9.O-O O-O 10.Qe2 Be7 11.a4 b6 12.Nc4 Nbd7 13.Nce5 Nxe5 14.Nxe5 Qc7 15.Bf4 Bd6
16.Bg3 Bb7 17.Ng4 Nxg4 18.Qxg4 f5 19.Bxd6 Qxd6 20.Qh3 Rf6 21.Qe3 e5 22.f3 Raf8
23.Bc4+ Kh8 24.Rad1 Qc7 25.Qb3 Rd6 26.Rxd6 Qxd6 27.Qe3 f4 28.Qe2 Qd4+ 29.Kh1 e4
30.c3 Qd7 31.fxe4 Qxa4 32.Bd5 Bxd5 33.exd5 Re8 34.Rxf4 Qd7 35.Re4 Rd8 36.c4 b5
37.b3 bxc4 38.bxc4 a5 39.c5 h6 40.d6 Qc6 41.Qc4 Rb8 42.h4 Rb4 43.d7 Qxd7
44.Qe6 Qxe6 45.Rxe6 Rxh4+ 46.Kg1 Rc4 47.Rc6 a4 48.Kf2 a3 49.Ra6 Rxc5 50.Rxa3 Rf5+
51.Kg3 Kh7 52.Kh3 Rf6 53.g4 g5 54.Kg3 Kg6 55.Rb3 h5 56.gxh5+ Kxh5 57.Ra3 Rf4
58.Rb3 Rg4+ 59.Kh3 Re4 60.Kg3 Kg6 61.Ra3 Kf5 62.Ra5+ Re5 63.Ra3  1/2-1/2

[Event "EY Boys U18 2012"]
[Site "Prague CZE"]
[Date "2012.08.22"]
[Round "6.28"]
[White "Van Overdam,Jul"]
[Black "Rubes,J"]
[Result "0-1"]
[WhiteElo "2273"]
[BlackElo "2097"]

1.e4 e6 2.d4 d5 3.Nd2 Nc6 4.Ngf3 Nf6 5.e5 Nd7 6.Bb5 a5 7.c3 Na7 8.Bd3 c5
9.O-O b5 10.dxc5 Nxc5 11.Bc2 b4 12.Re1 Ba6 13.Nb3 bxc3 14.bxc3 Qc7 15.Nxc5 Bxc5
16.Be3 Nb5 17.Qd2 Na3 18.Ba4+ Bb5 19.Bxb5+ Nxb5 20.a4 Na3 21.Qb2 Rb8 22.Qa2 Nc4
23.Rab1 O-O 24.Bxc5 Qxc5 25.Nd4 h6 26.g3 Rxb1 27.Qxb1 Na3 28.Qb3 Rc8 29.Rc1 Nc4
30.f4 Nd2 31.Qc2 Nf3+ 32.Kg2 Nxd4  0-1

[Event "EY Boys U18 2012"]
[Site "Prague CZE"]
[Date "2012.08.22"]
[Round "6.10"]
[White "Tomazini,Z"]
[Black "Horvath,Dav"]
[Result "0-1"]
[WhiteElo "2345"]
[BlackElo "2376"]

1.e4 e6 2.d4 d5 3.Nd2 Nc6 4.Ngf3 Nf6 5.e5 Nd7 6.Nb3 f6 7.Bb5 Be7 8.Bf4 O-O
9.exf6 Nxf6 10.Bxc6 bxc6 11.O-O Ne4 12.Be5 a5 13.a4 c5 14.c3 cxd4 15.cxd4 Ba6
16.Re1 Qd7 17.Rc1 Qxa4 18.Rxc7 Rf7 19.Nbd2 Qxd1 20.Rxd1 Nxd2 21.Rxd2 Bd8
22.Rc6 Bc8 23.Rdc2 Bd7 24.R6c3 h6 25.Bg3 Ba4 26.b3 Be8 27.Rc8 Rfa7 28.Bb8 Rb7
29.Bf4 Rba7 30.Bb8 Rb7 31.Bd6 Rba7 32.Ne5 Kh7 33.g3 Bg6 34.R2c3 Bf6 35.Rxa8 Rxa8
36.Rc7 Be8 37.h4 a4 38.bxa4 Rxa4 39.Rc8 Bxe5 40.Bxe5 Bf7 41.Rc7 Kg8 42.g4 Rc4
43.Rb7 Rc8 44.Kg2 Kf8 45.h5 Kg8 46.Kg3 Rc3+ 47.f3 Ra3 48.Kg2 Ra2+ 49.Kh3 Ra1
50.f4 Rg1 51.Rb8+ Kh7 52.Rb7 Kg8 53.Ra7 Rh1+ 54.Kg2 Rh4 55.Kg3 Rh1 56.Ra8+ Kh7
57.Rf8 Bg8 58.Rc8 Bf7 59.Rb8 Rg1+ 60.Kf3 Ra1 61.Rf8 Bg8 62.Kg2 Ra2+ 63.Kh3 Ra3+
64.Kh4 Ra1 65.Rc8 Bf7 66.Rc7 Kg8 67.Rc3 Rh1+ 68.Kg3 Rg1+ 69.Kh3 Kh7 70.Rf3 Kg8
71.Rf2 Kh7 72.Rh2 Be8 73.Kh4 Bf7 74.g5 g6 75.Rb2 gxh5 76.Rb7 hxg5+ 77.fxg5 Kg6
78.Rb3 Rg4+ 79.Kh3 Be8 80.Rf3 Bb5 81.Rf8 Bd3 82.Rg8+ Kf7 83.Rg7+ Kf8 84.Bf6 Bf5
85.Kh2 h4 86.Rd7 Re4 87.Rd8+ Kf7 88.Rh8 Re2+ 89.Kg1 h3 90.Rh6 Rg2+ 91.Kh1 Be4
92.Be5 h2 93.g6+ Rxg6+  0-1

[Event "EY Boys U16 2012"]
[Site "Prague CZE"]
[Date "2012.08.22"]
[Round "6.6"]
[White "Studer,N"]
[Black "Lugovskoy,M"]
[Result "0-1"]
[WhiteElo "2273"]
[BlackElo "2312"]

1.e4 e6 2.d4 d5 3.Nd2 Nc6 4.Ngf3 Nf6 5.e5 Nd7 6.Nb3 Be7 7.Bb5 O-O 8.Bf4 f6
9.Qd2 fxe5 10.dxe5 Qe8 11.O-O-O a6 12.Be2 a5 13.c3 a4 14.Nbd4 Nc5 15.Be3 Ne4
16.Qc2 Nxd4 17.cxd4 Bd7 18.Bd3 Bb5 19.h4 c5 20.Bxe4 dxe4 21.Qxe4 Bc6 22.Qg4 Bd5
23.a3 c4 24.Bd2 b5 25.Ng5 Ra6 26.Rh3 Rxf2 27.Ne4 h5 28.Qg3 Re2 29.Nf6+ Bxf6
30.exf6 Rxg2 31.Qe5 Qg6 32.fxg7 Ra8 33.Rh2 c3 34.Rxg2 cxd2+ 35.Rdxd2 Bxg2
36.Rc2 Be4 37.Rc7 Rd8 38.Kd2 b4 39.axb4 Qg2+ 40.Ke1 Bf5 41.b5 Qg1+ 42.Ke2 Qb1
43.Qf4 Qxb2+ 44.Ke1 Qxb5 45.Rc5 Qb4+  0-1

[Event "32nd Bratto Masters"]
[Site "Bratto ITA"]
[Date "2012.08.23"]
[Round "6.8"]
[White "Genocchio,D"]
[Black "Das,Arg"]
[Result "1-0"]
[WhiteElo "2440"]
[BlackElo "2479"]

1.e4 e6 2.d4 d5 3.Nd2 Nc6 4.Ngf3 Nf6 5.e5 Nd7 6.Bd3 Nb4 7.Be2 c5 8.c3 Nc6
9.O-O cxd4 10.cxd4 f6 11.Re1 fxe5 12.dxe5 Be7 13.Bd3 Nc5 14.Bb1 Bd7 15.Nb3 Nxb3
16.axb3 O-O 17.Qd3 g6 18.Qe3 Rf7 19.Qh6 Qf8 20.Qh3 Bc5 21.Bg5 Nd4 22.Bf6 Rxf6
23.exf6 Qxf6 24.Ne5 Rf8 25.Bxg6 hxg6 26.Nxd7 Qxf2+ 27.Kh1 Rf7 28.Nxc5 Rh7
29.Qg4 Rh4 30.Qxg6+ Kh8 31.Qe8+ Kh7 32.Qe7+ Kg6 33.Rxe6+ Nxe6 34.Qxe6+ Kh7
35.Qd7+ Kg6 36.Qd6+ Kh7 37.Qxd5  1-0

[Event "ZMDI Open A 2012"]
[Site "Dresden GER"]
[Date "2012.08.23"]
[Round "6"]
[White "Ghadimi,M"]
[Black "Zeberski,J"]
[Result "1/2-1/2"]
[WhiteElo "2119"]
[BlackElo "2380"]

1.d4 e6 2.e4 d5 3.Nd2 a6 4.Ngf3 c5 5.dxc5 Bxc5 6.Bd3 Nf6 7.Qe2 Nc6 8.c3 Ba7
9.O-O Qc7 10.exd5 Nxd5 11.g3 Bd7 12.Nc4 f6 13.Ne3 Nxe3 14.Bxe3 Bxe3 15.Qxe3  1/2-1/2

[Event "EY Boys U18 2012"]
[Site "Prague CZE"]
[Date "2012.08.23"]
[Round "7.15"]
[White "Horvat,Dan"]
[Black "Shahinyan,D"]
[Result "0-1"]
[WhiteElo "2242"]
[BlackElo "2351"]

1.e4 e6 2.d4 d5 3.Nd2 Nc6 4.Ngf3 Nf6 5.e5 Nd7 6.Be2 f6 7.exf6 Qxf6 8.Nf1 Bd6
9.Ng3 O-O 10.O-O h6 11.Re1 Nb6 12.Be3 Bd7 13.Bb5 Rae8 14.b3 a6 15.Bxc6 Bxc6
16.Ne5 Nd7 17.f4 Bxe5 18.fxe5 Qg6 19.a4 a5 20.Qe2 b6 21.Nh5 Bb7 22.Rf1 Qe4
23.Ng3 Qg6 24.Nh5 c5 25.Rxf8+ Rxf8 26.Nf4 Qf5 27.c3 cxd4 28.cxd4 Rc8 29.Qb5 Rc6
30.Re1 Nb8 31.Qe2 Ba6 32.Qb2 Rc2 33.Qb1 Nc6 34.Nxe6 Bd3 35.Qd1 Be4 36.Nf4 g5
37.Re2 gxf4 38.Rxc2 Bxc2 39.Qf3 fxe3 40.Qxe3 Qe4 41.Qg3+ Kh7 42.e6 Qxd4+  0-1

[Event "EY Girls U16 2012"]
[Site "Prague CZE"]
[Date "2012.08.23"]
[Round "7.7"]
[White "Tomin,Ks"]
[Black "Bivol,A"]
[Result "1/2-1/2"]
[WhiteElo "1954"]
[BlackElo "2142"]

1.e4 e6 2.d4 d5 3.Nd2 a6 4.Ngf3 Nf6 5.Bd3 c5 6.dxc5 dxe4 7.Nxe4 Nxe4 8.Bxe4 Qxd1+
9.Kxd1 Bxc5 10.Ke2 Nd7 11.h3 Nf6 12.Bd3 b6 13.c3 Bb7 14.Bf4 Nd5 15.Bg3 Ke7
16.Rad1 Rad8 17.c4 Nb4 18.Bb1 Bxf3+ 19.Kxf3 Nc6 20.Ke2 Nd4+ 21.Kf1 f6 22.Bf4 e5
23.Be3 Ne6 24.Ke2 g6 25.Be4 f5 26.Bd5 Bxe3 27.fxe3 Nc7 28.e4 f4 29.b4 g5
30.a4 h5 31.Kf3 Rd7 32.Bc6 Rd6 33.Rxd6 Kxd6 34.Bd5 Ne6 35.Rc1 Nd4+ 36.Kf2 Rb8
37.Bf7 h4 38.Bd5 Kd7 39.b5 a5 40.c5 bxc5 41.Rxc5 Rc8 42.Bc6+ Ke6 43.Bd5+ Kd7
44.Bc6+ Ke6  1/2-1/2

[Event "EY Boys U18 2012"]
[Site "Prague CZE"]
[Date "2012.08.23"]
[Round "7.33"]
[White "Silva Rodriguez,J"]
[Black "Bizovi,M"]
[Result "1/2-1/2"]
[WhiteElo "2165"]
[BlackElo "2044"]

1.e4 e6 2.d4 d5 3.Nd2 a6 4.Ngf3 c5 5.c3 Nc6 6.Bd3 cxd4 7.cxd4 dxe4 8.Nxe4 Be7
9.O-O Nf6 10.Re1 O-O 11.Bc2 Nb4 12.Bb3 Bd7 13.a3 Nbd5 14.Ne5 Be8 15.Ng5 Qd6
16.Bd2 Rd8 17.Nc4 Qb8 18.Rc1 b5 19.Ne5 Qb6 20.Ngf3 b4 21.a4 Qb7 22.Rc4 a5
23.Rc1 Rc8 24.Rxc8 Qxc8 25.Qe2 Nb6 26.Ra1 Qb7 27.Bg5 h6 28.Bh4 Nfd5 29.Bxe7 Nxe7
30.Qd3 Bc6 31.Bc2 g6 32.Qe3 Bxf3 33.Nxf3 Kh7 34.Ne5 Nbd5 35.Qh3 Kg7 36.Rd1 h5
37.Nc4 Nf4 38.Qf3 Qxf3 39.gxf3 Nc6 40.Kf1 Rd8 41.Be4 Nd5 42.Ne3 Nde7 43.Bxc6 Nxc6
44.d5 exd5 45.Rxd5 Rxd5 46.Nxd5 Nd4 47.Ne3 Nxf3 48.Nc4 Nxh2+ 49.Kg2 Ng4 50.f3 Nf6
51.Nxa5 Nd7 52.Nc6 Nc5 53.a5 Na6 54.Kg3 g5 55.f4 Kf6 56.fxg5+ Kxg5 57.Ne5 f6
58.Nd3 Kf5 59.Kh4 Ke4 60.Ne1 f5 61.Kxh5 f4 62.Kg4 b3  1/2-1/2

[Event "14th Sants Open A"]
[Site "Barcelona ESP"]
[Date "2012.08.24"]
[Round "8.12"]
[White "Asis Gargatagli,H"]
[Black "Cruz,F"]
[Result "0-1"]
[WhiteElo "2478"]
[BlackElo "2410"]

1.e4 e6 2.d4 d5 3.Nd2 Be7 4.Ngf3 Nf6 5.e5 Nfd7 6.Bd3 c5 7.c3 Nc6 8.O-O cxd4
9.cxd4 a5 10.Re1 g5 11.h3 h5 12.Nf1 g4 13.hxg4 hxg4 14.N3h2 Bb4 15.Re3 Qh4
16.g3 Qh5 17.Bb5 Rg8 18.a3 Be7 19.Rc3 Na7 20.Qa4 Nxb5 21.Qxb5 b6 22.Rc7 Bd8
23.Qc6 Bxc7 24.Qxa8 Nb8 25.Ne3 Ba6 26.Qa7 Kd7 27.Nxd5 exd5 28.Bf4 Rh8 29.e6+ Ke8
30.Qa8  0-1

[Event "12th ch-Euro Seniors"]
[Site "Kaunas LTU"]
[Date "2012.08.24"]
[Round "7.2"]
[White "Kupreichik,V"]
[Black "Bogdanov,Val"]
[Result "1/2-1/2"]
[WhiteElo "2434"]
[BlackElo "2374"]

1.e4 e6 2.d4 d5 3.Nd2 a6 4.Bd3 c5 5.dxc5 Bxc5 6.Qe2 Nc6 7.exd5 Qxd5 8.Ngf3 Nf6
9.Ne4 Be7 10.Bg5 Nb4 11.Nxf6+ gxf6 12.Be4 Qa5 13.Bd2 f5 14.Bd3 Nxd3+ 15.Qxd3 Qc7
16.O-O-O Bd7 17.g3 Bc6 18.Qc3 Rg8 19.Nd4 Rc8 20.Bf4 Qb6 21.Nxc6  1/2-1/2

[Event "11th Lichtenberger Sommer 2012"]
[Site "Berlin GER"]
[Date "2012.08.25"]
[Round "8.23"]
[White "Mai,A"]
[Black "Sieglen,J"]
[Result "0-1"]
[WhiteElo "1990"]
[BlackElo "2281"]

1.e4 e6 2.d4 d5 3.Nd2 Be7 4.Ngf3 Nf6 5.Bd3 c5 6.c3 Nc6 7.O-O cxd4 8.cxd4 dxe4
9.Nxe4 O-O 10.Nxf6+ Bxf6 11.Be3 Nb4 12.Be4 Nd5 13.Bc1 b6 14.Qd3 g6 15.Bh6 Re8
16.Ne5 Bb7 17.Qg3 Qe7 18.f4 Bh4 19.Qh3 f5 20.Bf3 Rac8 21.g4 Bf6 22.gxf5 exf5
23.Rf2 Rc7 24.Rg2 Rec8 25.Rd1 Rc2 26.Nxg6 Qe3+ 27.Kh1 hxg6 28.Rxg6+ Kf7 29.Qh5 Qxf3+
30.Qxf3 Kxg6 31.Rg1+ Kf7 32.Re1 Kg6 33.Rg1+ Kh7 34.Bf8 Ne7 35.Qxb7 Rxf8 36.Qf3 Bg7
37.d5 Bh6 38.d6 Ng8 39.d7 Rd2 40.Rd1 Rxd1+ 41.Qxd1 Rd8 42.Qd5 Nf6 43.Qxf5+ Kg7
44.h4 Kf7 45.h5 Bf8 46.Qg6+ Ke6 47.f5+ Ke5 48.Qf7 Kxf5 49.Kg2 Bd6 50.Kf3 Rxd7
51.Qg6+ Ke6 52.h6 Rh7 53.a4 Bf8 54.Qc2 Bxh6 55.Qc4+ Kf5 56.Qd3+ Kg5 57.Qd2+ Kg6
58.Qc2+ Kf7 59.Qc7+ Kf8 60.Qd6+ Re7 61.Kg2 Kf7 62.Qd3 Rd7 63.Qc4+ Ke7 64.b4 Bg7
65.a5 bxa5 66.bxa5 Kd6 67.Qb4+ Kc6 68.Qc4+ Kd6 69.Qb4+ Kc7 70.Qf4+ Kc8 71.Qc4+ Kd8
72.Qc6 Nd5 73.Qa8+ Ke7 74.Qg8 Bc3 75.Kf3 Bxa5 76.Qg7+ Kd6 77.Qg6+ Kc7 78.Qc2+ Kb7
79.Qa4 Rf7+ 80.Kg2 Bb6 81.Qe4 Rd7 82.Kg3 Kc6 83.Qe8 a5 84.Kf3 Nc7 85.Qe4+ Rd5
86.Ke2 Nb5 87.Qe8+ Kc5 88.Qf8+ Kc4 89.Qc8+ Bc5 90.Qa6 Kb4 91.Qb7 a4 92.Ke1 Rd4
93.Qh7 a3 94.Qb1+ Ka5 95.Qb3 Bb4+ 96.Kf2 Rd2+ 97.Ke3 a2 98.Qg8 Ka4 99.Qe6 Re2+  0-1

[Event "ZMDI Open A 2012"]
[Site "Dresden GER"]
[Date "2012.08.25"]
[Round "8"]
[White "Ghadimi,M"]
[Black "Rudolf,Ma"]
[Result "1/2-1/2"]
[WhiteElo "2119"]
[BlackElo "2124"]

1.e4 e6 2.d4 d5 3.Nd2 Nc6 4.Ngf3 Nf6 5.e5 Nd7 6.Be2 f6 7.exf6 Qxf6 8.Nf1 Bd6
9.Ne3 O-O 10.O-O Qg6 11.g3 Nf6 12.Nh4 Qe8 13.f4 Ne4 14.c3 Ne7 15.Ng4 Nf5
16.Nf3 b6 17.Bd3 Bb7 18.Qe2  1/2-1/2

[Event "19th Graz Open 2012"]
[Site "Graz AUT"]
[Date "2012.08.26"]
[Round "2.14"]
[White "Cmor,N"]
[Black "Jetzl,J"]
[Result "0-1"]
[WhiteElo "1863"]
[BlackElo "2209"]

1.e4 e6 2.d4 d5 3.Nd2 a6 4.Bd3 c5 5.c3 Nc6 6.Ne2 cxd4 7.cxd4 dxe4 8.Nxe4 Nf6
9.O-O Be7 10.a3 O-O 11.Be3 Nd5 12.Bc2 b6 13.N2c3 f5 14.Nxd5 exd5 15.Nc3 Be6
16.Re1 Qd7 17.Qe2 b5 18.b4 f4 19.Bxf4 Nxd4 20.Bxh7+ Kxh7 21.Qd3+ Nf5 22.g4 Rac8
23.gxf5 Bxf5 24.Qg3 Rc6 25.Kh1 Rg6 26.Qf3 Bg4 27.Qg3 Bh5 28.Qd3 Rxf4 29.Rxe7 Qxe7
30.Nxd5 Qd7  0-1

[Event "24th Schlosspark Open"]
[Site "Wiesbaden GER"]
[Date "2012.08.26"]
[Round "7.41"]
[White "Tufa,M"]
[Black "Rolf,Marco"]
[Result "1-0"]
[WhiteElo "1998"]
[BlackElo "1881"]

1.e4 e6 2.d4 d5 3.Nd2 Be7 4.e5 c5 5.c3 Nc6 6.Ndf3 Qa5 7.Bd2 Qb6 8.Bc1 Bd7
9.a3 f6 10.Be2 fxe5 11.Nxe5 Nxe5 12.dxe5 O-O-O 13.b4 Nh6 14.Nf3 Rhf8 15.O-O Nf5
16.bxc5 Bxc5 17.g4 Ne7 18.Nd4 h5 19.Be3 Qc7 20.f4 g6 21.g5 Nf5 22.Nxf5 exf5
23.Bd4 Qa5 24.Bxc5 Qxc5+ 25.Qd4 b6 26.Ba6+ Kc7 27.a4 Rfe8 28.Rfd1 Bc6 29.Ra2 Re7
30.Kf2 Kd7 31.Qxc5 bxc5 32.Bc4 Kc7 33.Bb5 Red7 34.Bxc6 Kxc6 35.Rb2 Re7 36.Ke3 Red7
37.Kd3 Re8 38.Rdb1 Ree7 39.Rb8 Rc7 40.Rg8 Re6 41.Rbb8 Rb7 42.Rxb7 Kxb7 43.Rg7+ Kb8
44.Rd7 Ra6 45.Rxd5 Rxa4 46.c4 Ra3+ 47.Ke2 Rh3 48.Rxc5 Rxh2+ 49.Ke3 Rh3+ 50.Kd4 Rh4
51.e6 Rxf4+ 52.Ke5 Re4+ 53.Kf6 h4 54.e7 h3 55.Re5  1-0

[Event "BDO Premier 2012"]
[Site "Haarlem NED"]
[Date "2012.08.28"]
[Round "4.2"]
[White "Burg,T"]
[Black "Swinkels,R"]
[Result "1/2-1/2"]
[WhiteElo "2471"]
[BlackElo "2482"]

1.e4 e6 2.d4 d5 3.Nd2 Be7 4.Ngf3 Nf6 5.Bd3 c5 6.dxc5 dxe4 7.Nxe4 Nxe4 8.Bxe4 Qxd1+
9.Kxd1 Bxc5 10.Ne5 f5 11.Nd3 Bxf2 12.Bxf5 exf5 13.Nxf2 O-O 14.Re1 Bd7 15.Bf4 Bc6
16.g3 Nd7 17.c4 Nf6 18.Kc2 Rfe8  1/2-1/2

[Event "40th Olympiad Open"]
[Site "Istanbul TUR"]
[Date "2012.08.28"]
[Round "1.72"]
[White "Yaaqoub,R"]
[Black "Andreasen,Jo"]
[Result "1-0"]
[WhiteElo "2196"]
[BlackElo "2260"]

1.e4 e6 2.d4 d5 3.Nd2 Be7 4.Bd3 c5 5.c3 Nf6 6.e5 Nfd7 7.Ne2 Nc6 8.O-O Qb6
9.Nf3 f6 10.Nf4 fxe5 11.dxe5 Nf8 12.Re1 Bd7 13.Ng5 g6 14.Nxd5 exd5 15.e6 Nxe6
16.Nxe6 Bxe6 17.Rxe6 O-O-O 18.Bf4 Rhf8 19.Qg4 Rd7 20.Bg3 c4 21.Bc2 Kd8 22.b4 d4
23.Rd1 d3 24.Ba4 Bd6 25.Qh4+ Be7 26.Qxc4 d2 27.Bxc6 bxc6 28.Rxc6 Qb7 29.b5 Re8
30.a4 Bd6 31.Bh4+ Be7 32.f3 Bxh4 33.Qxh4+ Ree7 34.Qf2 a6 35.Rxa6 Qd5 36.Rxd2  1-0

[Event "BDO Premier 2012"]
[Site "Haarlem NED"]
[Date "2012.08.29"]
[Round "5.4"]
[White "Klein,Da"]
[Black "De Jager,J"]
[Result "1-0"]
[WhiteElo "2447"]
[BlackElo "2404"]

1.e4 e6 2.d4 d5 3.Nd2 Nc6 4.Ne2 e5 5.c4 Nb4 6.Nc3 c6 7.a3 exd4 8.axb4 dxc3
9.bxc3 dxe4 10.Nxe4 Qxd1+ 11.Kxd1 Bf5 12.Ng3 Bg6 13.Be3 a6 14.Be2 Bd6 15.Nh5 Be5
16.Ra3 O-O-O+ 17.Kc1 Nf6 18.Nxf6 gxf6 19.g3 Kc7 20.Re1 Bd3 21.Bxd3 Rxd3 22.Kc2 Rd7
23.f4 Bd6 24.Ra5 c5 25.Bxc5 Bxc5 26.Rxc5+ Kb8 27.Rf5  1-0

[Event "40th Olympiad Women"]
[Site "Istanbul TUR"]
[Date "2012.08.29"]
[Round "2.29"]
[White "Novkovic,J"]
[Black "Vovk,Ok"]
[Result "1/2-1/2"]
[WhiteElo "2066"]
[BlackElo "2159"]

1.e4 e6 2.d4 d5 3.Nd2 Nc6 4.Ngf3 Nf6 5.e5 Nd7 6.Nb3 a5 7.a4 Be7 8.Bb5 Na7
9.Be2 b6 10.O-O c5 11.c3 Nc6 12.Bb5 Bb7 13.Re1 O-O 14.Re3 c4 15.Nbd2 Na7
16.Bxd7 Qxd7 17.Ne1 f5 18.exf6 Rxf6 19.Ndf3 Raf8 20.Ne5 Qc7 21.N1f3 Nc6 22.Qe1 Bd6
23.h3 Bc8 24.Ng4 Rf5 25.Nge5 Nxe5 26.Nxe5 Qe7 27.Re2 Qh4 28.f4 Be7 29.Nf3 Qxe1+
30.Rxe1 Bd7 31.Bd2 Bd6 32.Ne5 Be8 33.Re2 h6 34.g3 R5f6 35.Be3 Bc7 36.Rf2 b5
37.axb5 Bxb5 38.Raf1 Bd6 39.Bc1 a4 40.Kg2 Kh7 41.Rf3 g6 42.Re1 Re8 43.Rfe3 Rff8
44.Nf3 Bd7 45.Ne5 Bb5 46.Nf3 Bd7 47.h4 Ra8 48.Ne5 Bb5 49.Ng4 Bd7 50.R3e2 Ra7
51.Rh1 h5 52.Ne5 Bc8 53.Nf3 Kg7 54.Rhe1 Kf6 55.Ne5 Re8 56.Kf3 Rb7 57.Kg2  1/2-1/2

[Event "8th Dieppe Open A 2012"]
[Site "Dieppe FRA"]
[Date "2012.08.30"]
[Round "6.2"]
[White "Istratescu,A"]
[Black "Leconte,JO"]
[Result "1-0"]
[WhiteElo "2647"]
[BlackElo "2298"]

1.e4 e6 2.d4 d5 3.Nd2 Nc6 4.Ngf3 Nf6 5.e5 Nd7 6.Bb5 a6 7.Bxc6 bxc6 8.c4 dxc4
9.Nxc4 Nb6 10.Na5 c5 11.O-O Qd5 12.dxc5 Qxd1 13.Rxd1 Bxc5 14.Be3 Be7 15.Rac1 Nd5
16.Bc5 Bd7 17.a3 Bd8 18.g3 Rb8 19.b4 Ba4 20.Rd2 g5 21.h3 h5 22.Nd4 g4 23.h4 Ra8
24.Ne2 Be7 25.Bxe7 Kxe7 26.Nf4 Nxf4 27.Rxc7+ Kf8 28.gxf4 Kg7 29.Nb7 Rhc8
30.Rxc8 Rxc8 31.Nc5 Bc6 32.Rc2 Bd5 33.Kf1 Kg6 34.Ke2 Kf5 35.Ke3 Rc6 36.Nb3 Rb6
37.Nd4+ Kg6 38.Rc8 Rb7 39.Kd3 Bg2 40.Kc3 Rd7 41.a4 Be4 42.Rc5 Bg2 43.a5 Be4
44.Rc8 Bg2 45.f5+ exf5 46.Rg8+ Kh7 47.Rg5 Rc7+ 48.Kd2 Rc4 49.Rxh5+ Kg8 50.Rg5+ Kh8
51.Nxf5 Rxb4 52.Nh6 Bd5 53.Nxg4 Kh7 54.Nf6+ Kh6 55.Nxd5 Rd4+ 56.Ke3 Rxd5
57.e6  1-0

[Event "19th Graz Open 2012"]
[Site "Graz AUT"]
[Date "2012.08.30"]
[Round "6.6"]
[White "Schreiner,Pe"]
[Black "Spindelboeck,G"]
[Result "1-0"]
[WhiteElo "2444"]
[BlackElo "2227"]

1.e4 e6 2.d4 d5 3.Nd2 Nc6 4.Ngf3 Nf6 5.e5 Nd7 6.c4 dxc4 7.Nxc4 Bb4+ 8.Bd2 Nb6
9.a3 Bxd2+ 10.Qxd2 Bd7 11.Rc1 Nxc4 12.Bxc4 Ne7 13.O-O Bc6 14.Rc3 Qd7 15.b4 a6
16.Rd1 Bd5 17.Bxd5 Nxd5 18.Rb3 h6 19.Ne1 Ne7 20.Nc2 Nd5 21.Rg3 g6 22.Na1 Qa4
23.Nb3 Qxa3 24.Nc5 Qxb4 25.Qc2 b6 26.Rb3 bxc5 27.Rxb4 cxb4 28.Qc6+ Ke7 29.Qc5+ Kd7
30.Rd3 Rab8 31.Rf3 Rhf8 32.Qa5 Rb6 33.h4 h5 34.Qc5 Rbb8 35.Kh2 Nc3 36.Kh3 Nd5
37.Kh2 f5 38.Rg3 Rg8 39.Qa5 Rb6 40.Qa4+ Ke7 41.Rb3 Ra8 42.Rg3 Nc3 43.Qa5 Kf7
44.Rxc3 bxc3 45.Qxc3 Rc8 46.Kg3 Ke7 47.Kf4 Kd7 48.Kg5 Ra8 49.Qa5 Rb5 50.Qa4 c6
51.Kxg6 a5 52.Qa3 Rd5 53.Kxh5 Rg8 54.g3 Kc7 55.Kh6 Kb6 56.Qe7 Rgd8 57.Qxe6 a4
58.Qe7 Rxd4 59.e6 R8d6 60.Qe8 Re4 61.Qb8+ Kc5 62.Qa7+ Kd5 63.Kg5 Rdxe6 64.f3 Rb4
65.h5 c5 66.h6 Rbb6 67.h7 Rg6+ 68.Kf4 Rb4+ 69.Kxf5 Rh6 70.Qa8+ Kc4 71.Qe4+ Kb5
72.Qe8+ Kc4 73.Qe2+ Kb3 74.Qe3+ Kb2 75.Qxh6 c4 76.Qd2+  1-0

[Event "40th Olympiad Women"]
[Site "Istanbul TUR"]
[Date "2012.08.30"]
[Round "3.29"]
[White "Hakimifard,G"]
[Black "Ilhom,Mootribai"]
[Result "1-0"]
[WhiteElo "2249"]
[BlackElo "1705"]

1.e4 e6 2.d4 d5 3.Nd2 Nc6 4.Ngf3 Nf6 5.e5 Nd7 6.Be2 f6 7.exf6 Nxf6 8.O-O Bd6
9.Re1 O-O 10.c4 e5 11.dxe5 Bxe5 12.cxd5 Nxd5 13.Bc4 Bf4 14.Nf1 Ne7 15.Rxe7 Qxe7
16.Qxd5+  1-0